书目信息 |
| 题名: |
木材功能性改良
|
|
| 作者: | 方桂珍 主编 | |
| 分册: | ||
| 出版信息: | 北京 化学工业出版社 2008 |
|
| 页数: | 277页 | |
| 开本: | 24cm | |
| 丛书名: | ||
| 单 册: | ||
| 中图分类: | TS653.3 | |
| 科图分类: | ||
| 主题词: | 改良木--研究 , 改良木 | |
| 电子资源: | ||
| ISBN: | 978-7-122-01047-6 | |
| 000 | 00772nam0 2200241 45 | |
| 001 | 1032973875 | |
| 005 | 20100407100010.98 | |
| 010 | @a978-7-122-01047-6@dCNY45.00 | |
| 100 | @a20100331d2008 em y0chiy50 ea | |
| 101 | 0 | @achi |
| 102 | @aCN@b110000 | |
| 105 | @ay z 000yy | |
| 106 | @ar | |
| 200 | 1 | @a木材功能性改良@AMu Cai Gong Neng Xing Gai Liang@f方桂珍主编@FFang Gui Zhen Zhu Bian |
| 210 | @a北京@c化学工业出版社@d2008 | |
| 215 | @a277页@d24cm | |
| 330 | @a本书针对木材使用过程中的主要缺陷,采用物理和化学技术进行功能性改良,阐述了制备原理、工艺过程和用途。 | |
| 606 | 0 | @a改良木@x研究 |
| 606 | 0 | @a改良木 |
| 690 | @aTS653.3@v4 | |
| 701 | 0 | @a方桂珍@AFang Gui Zhen@f(195?~)@4主编 |
| 801 | 0 | @aCN@bTANGWEI@c20100407 |
| 905 | @b0586901-05@dTS653.3@e46@f5 | |
| 木材功能性改良/方桂珍主编.-北京:化学工业出版社,2008 |
| 277页;24cm |
| ISBN 978-7-122-01047-6:CNY45.00 |
| 本书针对木材使用过程中的主要缺陷,采用物理和化学技术进行功能性改良,阐述了制备原理、工艺过程和用途。 |
| ● |
| 相关链接 |
|
|
|
|
正题名:木材功能性改良
索取号:TS653.3/46
 
预约/预借
| 序号 | 登录号 | 条形码 | 馆藏地/架位号 | 状态 | 备注 |
| 1 | 0586901 | 205869014 | 第二样本阅览室/ [索取号:TS653.3/46] | 在馆 | |
| 2 | 0586902 | 205869023 | 第三借阅区/ [索取号:TS653.3/46] | 在馆 | |
| 3 | 0586903 | 205869032 | 第三借阅区/ [索取号:TS653.3/46] | 在馆 | |
| 4 | 0586904 | 205869041 | 第三借阅区/ [索取号:TS653.3/46] | 在馆 | |
| 5 | 0586905 | 205869050 | 第三借阅区/ [索取号:TS653.3/46] | 在馆 |